00812nam a2200241Ia 4500001000600000003000900006008004100015040001300056040001300069041001300082100001900095100002900114245004200143245008100185250001100266260001300277260002900290260004900319300005900368500008800427650002400515650003100539A9458IT-RoPAU130308s9999 xx 000 0 und d aIT-RoPAU cIT-RoPAU aFRANCESE aMufuta Kabemba gCodice Aut. SPICS: 36758 aArt dans la celebration cosmique (L') bMediations Africaines Du Sacre'-Celebrations Creatrices et Langage Religieux a1a ed. aKINSHASA bCentre D'Etudes Des R.A. c1987 [1° Ed.:1987 - Ed.Ling.Originale:1986] a"15 p. (prefazione: no ; testo: 15 [pagine: 193-207])" aArte nella celebrazione Cosmica. fondamento dell'arte . Arte e Artista della Scena. aPASTORALE E CULTURE eCodice materia Spics: 9302